Online
Catalog

Sumario histórico de la Guayana Esequiba / (Record no. 6436)

MARC details
000 -CABECERA
campo de control de longitud fija 00785cam a2200229 a 4500
001 - NÚMERO DE CONTROL
campo de control 000006646
005 - FECHA Y HORA DE LA ÚLTIMA TRANSACCIÓN
campo de control 20200929153949.0
008 - DATOS DE LONGITUD FIJA--INFORMACIÓN GENERAL
campo de control de longitud fija 850910s1982 ve a 000 0 spa
040 ## - FUENTE DE LA CATALOGACIÓN
Centro catalogador/agencia de origen DO-SdBNP
Centro/agencia transcriptor DLC
Centro/agencia modificador DLC
082 ## - NÚMERO DE LA CLASIFICACIÓN DECIMAL DEWEY
Número de clasificación 988.87
Número de documento/Ítem O39s
100 1# - ENTRADA PRINCIPAL--NOMBRE DE PERSONA
Nombre de persona Ojer, Pablo.
9 (RLIN) 10668
245 10 - MENCIÓN DE TÍTULO
Título Sumario histórico de la Guayana Esequiba /
Mención de responsabilidad, etc. Pablo Ojer.
260 ## - PUBLICACIÓN, DISTRIBUCIÓN, ETC.
Lugar de publicación, distribución, etc. Maracaibo, San Cristobal :
Nombre del editor, distribuidor, etc. Biblioteca CORPOZULIA,
Fecha de publicación, distribución, etc. 1982.
300 ## - DESCRIPCIÓN FÍSICA
Extensión 158 p. :
Otras características físicas il. ;
Dimensiones 19 cm.
490 1# - MENCIÓN DE SERIE
Mención de serie Sumario
Designación de volumen o secuencia no. 1
651 #4 - PUNTO DE ACCESO ADICIONAL DE MATERIA--NOMBRE GEOGRÁFICO
Nombre geográfico Venezuela
Subdivisión general Límites
-- Guayana Inglesa
9 (RLIN) 18462
650 #4 - PUNTO DE ACCESO ADICIONAL DE MATERIA--TÉRMINO DE MATERIA
Término de materia o nombre geográfico como elemento de entrada Guayana inglesa
Subdivisión geográfica Venezuela
9 (RLIN) 18463
710 2# - PUNTO DE ACCESO ADICIONAL--NOMBRE DE ENTIDAD CORPORATIVA
Nombre de entidad corporativa o nombre de jurisdicción como elemento de entrada Fordo Editorial del Estado Tachira
9 (RLIN) 18464
710 2# - PUNTO DE ACCESO ADICIONAL--NOMBRE DE ENTIDAD CORPORATIVA
Nombre de entidad corporativa o nombre de jurisdicción como elemento de entrada Universidad Católica del Tachira
9 (RLIN) 18465
830 #0 - PUNTO DE ACCESO ADICIONAL DE SERIE-TÍTULO UNIFORME
Título uniforme Sumario ;
Designación de volumen o secuencia no. 1
9 (RLIN) 18466
910 ## - DATOS DE OPCIÓN DEL USUARIO (OCLC)
Datos de opción del usuario Catalogación por copia / LC
Holdings
Estado de retiro Estado de pérdida Restricciones de uso No para préstamo Código de colección Localización permanente Ubicación/localización actual Ubicación en estantería Fecha de adquisición Número de inventario Total de préstamos Signatura topográfica completa Código de barras Fecha visto por última vez Precio válido a partir de Tipo de ítem Koha
    Préstamo interno   Monografías: Libros y Folletos General General En catalogación 01.09.2009 LF1   988.87 O39s 6646-10 25.06.2020 25.06.2020 Préstamo interno

Powered by Koha